HSK3 Adjectives/Adverbs - Statistics

General Stats
  • This quiz has been taken 29 times
  • The average score is 25 of 35
Answer Stats
Hint Answer % Correct
容易,rong2 yi4 Easy
94%
饱,bao3 Full
94%
正在,zheng4 zai4 (Action In Progress)
89%
已经,yi3 jing1 Already
89%
舒服,shu1 fu Comfortable
89%
渴,ke3 Thirsty
89%
旧,jiu4 Old/Used
83%
年轻,nian2 qing1 Young
83%
总是,zong3 shi4 Always
78%
坏,hai4 Bad
78%
努力,nu3 li4 Hardworking
78%
健康,jian4 kang1 Healthy
78%
重要,zhong4 yao4 Important
78%
满意,man3 yi4 Satisfied
78%
特别,te4 bie2 Special
78%
几乎,ji1 hu1 Almost
72%
清楚,qing1 chu Clear
72%
越,yue4 More
72%
经常,jing1 chang2 Often
72%
难过,nan2 guo4 Sad
72%
还,hai2 Still
72%
一边,yi4 bian1 At The Same Time
67%
热情,re4 qing2 Enthusiastic
67%
终于,zhong1 yu2 Finally
67%
差,cha4 Bad (quality)
61%
才,cai2 Just
61%
极,ji2 Extremely
56%
一般,yi4 ban1 Generally
56%
认真,ren4 zhen1 Serious/Careful
56%
简单,jian3 dan1 Simple
56%
其实,qi2 shi2 Actually
50%
一定,yi2 ding4 Definitely
44%
主要,zhu3 yao4 Main
44%
一直,yi4 zhi2 Constantly
39%
相同,xiang1 tong2 Same
39%
No matching quizzes found
Score Distribution
Percent of People with Each Score
Percentile by Number Answered
Your Score History
You have not taken this quiz